00475nam a2200145Ia 4500008004100000082001100041082000800052245009600060245002300156260002300179300000900202942000800211999001900219952009100238231017s9999 xx 000 0 und d a657.02 bDAV 0aImproving road safety by reducing impaired driving in developing countries: a scoping study 0cGlobal road safety bGlobal road safety c30cm cREP c606588d606588 00104070aNITbNITd2023-10-17l0o657.02 DAVpNIT-3099r2023-10-17w2023-10-17yREP